Championship 2025/26 - loga klubów - Statystyki

Ogólne statystyki
  • Ten quiz został rozwiązany 41 razy
  • Średni wynik to 20 z 24
Statystyki odpowiedzi
Obrazkowy Odpowiedź % Poprawnych
Derby County
95%
FC Southampton
95%
Hull City
95%
Leicester City
95%
Norwich City
95%
Birmingham City
92%
Ipswich Town
92%
Queens Park Rangers
92%
Sheffield United
92%
FC Millwall
89%
FC Watford
89%
Stoke City
89%
Blackburn Rovers
86%
West Bromwich Albion
86%
Swansea City
84%
Wrexham AFC
84%
Coventry City
81%
Sheffield Wednesday
81%
Oxford United
76%
Preston North End
76%
Bristol City
73%
FC Portsmouth
73%
Charlton Athletic
68%
FC Middlesbrough
57%
Nie znaleziono quizów pasujących do podanych kryteriów
Rozkład punktacji
Procent ludzi z każdym wynikiem
Percentyl według liczby udzielonych odpowiedzi
Twoja historia wyników
Nie rozwiązałeś tego quizu